Statystyki dla Miasta Finlandii powyżej 100k mieszkańców

Kliknij tutaj aby rozwiązać quiz!

Ogólne statystyki

  • Ten quiz został rozwiązany 79 razy
  • Średni wynik to 5 z 9

Statystyki odpowiedzi

LudnośćMiasto% Poprawnych
623135Helsinki
100%
184300Turku
68%
196530Oulu
61%
103904Lahti
55%
223149Tampere
55%
266123Espoo
39%
111320Kuopio
38%
211206Vantaa
21%
135958Jyvaskyla
20%

Rozkład punktacji

Percentyl według liczby udzielonych odpowiedzi

Procent ludzi z każdym wynikiem

Twoja historia wyników

Nie rozwiązałeś tego quizu